000 00463nmm a2200169Ia 4500
008 251105s9999||||xx |||||||||||||||||und||
020 _a9788433926074
041 _aspa
100 _aSubirós, Pau
245 0 _aEl productor accidental
264 _a[Madrid, España] :
_bEditorial Anagrama,
_c2015
300 _a175 páginas
490 _aCrónicas
650 _aSpanish narrative
856 _uhttps://public.digitaliapublishing.com/a/42085
942 _cCF
999 _c81754
_d81754